Performance evaluation of university libraries : (Record no. 72178)

MARC details
000 -LEADER
fixed length control field 00926nam a22002417a 4500
005 - DATE AND TIME OF LATEST TRANSACTION
control field 20121214141048.0
008 - FIXED-LENGTH DATA ELEMENTS--GENERAL INFORMATION
fixed length control field 121214t xxu||||| |||| 00| 0 eng d
010 ## - LCCN (DPL NO)
LC control number ENG-106444
020 ## - INTERNATIONAL STANDARD BOOK NUMBER
International Standard Book Number 9788178359069
Terms of availability 625.00
035 ## - SYSTEM CONTROL NUMBER
System control number EN-89977
037 ## - SOURCE OF ACQUISITION
Source of stock number/acquisition DBAD/PUB
040 ## - CATALOGING SOURCE
Original cataloging agency DPL
Language of cataloging Eng
082 ## - DEWEY DECIMAL CLASSIFICATION NUMBER
Classification number 378.1
100 ## - MAIN ENTRY--PERSONAL NAME
Personal name Surya, M.
9 (RLIN) 54337
245 ## - TITLE STATEMENT
Title Performance evaluation of university libraries :
Statement of responsibility, etc by M. Surya [and] S. Balakrishnan
Remainder of title an application of cost-effectiveness analysis /
260 ## - PUBLICATION, DISTRIBUTION, ETC. (IMPRINT)
Place of publication, distribution, etc Delhi
Name of publisher, distributor, etc Kalpaz Publications
Date of publication, distribution, etc 2012
270 ## - ADDRESS
Address C-30, Satyawati Nagar
City Delhi
Postal code 110052
300 ## - PHYSICAL DESCRIPTION
Extent 228p.
Dimensions 22cm(Hb)
500 ## - GENERAL NOTE
General note Includes bibliographical references and index
700 ## - ADDED ENTRY--PERSONAL NAME
Personal name Balakrishnan, S.
9 (RLIN) 54340
942 ## - ADDED ENTRY ELEMENTS (KOHA)
Source of classification or shelving scheme Dewey Decimal Classification
Item type English Books
Classification part 378.1
Call number suffix SUR
Holdings
Withdrawn status Lost status Source of classification or shelving scheme Damaged status Not for loan Collection code Home library Current library Date acquired Source of acquisition Cost, normal purchase price Total Checkouts Full call number Barcode Date last seen Copy number Cost, replacement price Koha item type
    Dewey Decimal Classification   Not For Loan Non-fiction D.B.Act.Division D.B.Act.Division 14/12/2012 DBAD/PUB 625.00   3787.1 SUR EN-89977 14/12/2012 1 625.00 English Books

© Delhi Public Library
Hit Counter
free hit counter